Tratamiento de las razas de inmigración prohibida en Panamá /

Na minha lista:
Detalhes bibliográficos
Autor principal: Tejada Mora, Juan A.
Formato: Texto
Tags: Adicionar Tag
Sem tags, seja o primeiro a adicionar uma tag!

MARC

LEADER 00000 a a2200000 04500
001 45678
003
040 |a CRAI/IIS  |c CRAI/IIS 
100 |a Tejada Mora, Juan A.  
245 |a Tratamiento de las razas de inmigración prohibida en Panamá /  |c Juan A. Tejada Mora  
773 |g número507 (2013), páginas 25-35  
999 |c 18368  |d 18368